|
|
|
|
| LEADER |
00654nam a2200229 a 4500 |
| 001 |
000561740 |
| 003 |
CZ BrMZK |
| 005 |
20000105143423.0 |
| 007 |
ta |
| 008 |
000105s1992 xo slo d |
| 040 |
|
|
|a BOA001
|b cze
|
| 080 |
|
|
|a 885.4-14
|2 MRF
|
| 100 |
1 |
|
|a Kraus, Milan,
|d 1924-2006
|7 jn20000603542
|
| 245 |
1 |
0 |
|a Vychádzky do pološera /
|c Milan Kraus
|
| 250 |
|
|
|a 1. vyd.
|
| 260 |
|
|
|a Bratislava :
|b Slov. spisov.,
|c 1992
|
| 300 |
|
|
|a 56 s.
|
| 490 |
1 |
|
|a Nová poézia
|
| 830 |
|
0 |
|a Nová poézia
|
| 910 |
|
|
|a BOA001
|b 1-0985.433
|
| 990 |
|
|
|a BK
|
| 996 |
7 |
|
|b 2619614404
|c 1-0985.433
|l MZK
|r Sklad / do 1 hodiny
|n 0
|w 000561740
|u 000010
|a 1
|e BOA001
|j MZK50
|s A
|